Responses for Show #4354 - Thursday, July 3, 2003

Contestants

[<< previous game]

Jason Martin, a paramedic from Carbondale, Illinois

Rachel Fleet, an attorney from Seattle, Washington

Tom Guymon, a business manager from Anaheim, California (whose 2-day cash winnings total $28,400)

[next game >>]

Jeopardy! Round responses

STATE STUFF
MUPPETATIONAL
PEOPLE
SILENT CAL SPEAKS!
BRAND NAMES
ADJECTIVES OF THE YOUNG AND THE RESTLESS
    $200 11
(Rachel: What is Alaska?)
(Alex: No.)
(Rachel: Oh! [Hits herself upside her head])
...
(Alex: Yes, Mt. Whitney and Death Valley.)

California

TomRachel
    $200 6
Macy's Thanksgiving Day Parade

Rachel
    $200 16
James Stewart

Rachel
    $200 26
business

Rachel
    $200 1
(Rachel: What is Bayer?)

Tylenol

TomRachel
    $200 21
[Each clue had a short video segment with stars from the show performing a scene leading up to the clue's wording that was shown.]

naked

Jason
    $400 12
Oklahoma

Rachel
    $400 7
Saturday Night Live

Tom
    $400 17
Malcolm X

Tom
    $400 27
President

Jason
    $400 2
Avon

Rachel
    $400 22
Magnificent

Rachel
    $600 13
Louisiana

Rachel
    $600 8
Grover

Jason
    $600 18
The Wide World of Sports

Rachel
    $1,200 28
You lose.

Jason
    $600 3
Nike

Tom
    $600 23
(Alex: Yeah, and isn't Braeden great on that? That voice and that look.)

cruel and unusual

Tom
    $800 14
Pennsylvania

Tom
    $800 9
David Bowie

Tom
    $800 19
The Elephant Man

Rachel
    $800 29
(Alex: Cal was sharp.)
[Laughter]

unemployment

Tom
    $800 4
Altoids

Tom
    $800 24
erotic

Tom
    $1000 15
Maryland

Triple Stumper
    $1000 10
a dragon

Triple Stumper
    $1000 20
(Alex: His daughter's name is [*]. She's in three times on my caricature.)

Nina

Triple Stumper
    $1000 30
(Rachel: What is yell fire?)
...
(Alex: Gompers associated with the labor movement, so there's no right to [*].)

strike

Rachel
Triple Stumper
    $1000 5
Lionel

Rachel
    $1000 25
(Alex: Well done and we thank the cast of The Young and the Restless for helping us out so beautifully with that category.)
[Applause]

Machiavellian

Rachel

Scores at the first commercial break (after clue 15):

Tom Rachel Jason
$3,800 $2,200 $600

Scores at the end of the Jeopardy! Round:

Tom Rachel Jason
$6,400 $4,400 $2,400

Double Jeopardy! Round responses

THE NEW TESTAMENT
ALLITERATIVE ATHLETES
WHERE'D YA FIND THAT?
I LOVE A PIANO
OLD ROME
SEE "NN"
    $400 16
crow

Jason
    $400 2
Barry Bonds

Jason
    $400 11
Alexandria

Jason
    $400 17
John Lennon

Rachel
    $400 1
mayonnaise

Tom
    $800 18
(Rachel: What is to walk on water?)
...
(Alex: That's a tough thing to teach.)
(Rachel: Didn't say he learned it.)
(Alex: Ha ha, yeah they didn't didn't learn it too well, but [*], however, they did learn.)

The Lord's Prayer

Rachel
Triple Stumper
    $800 3
Andre Agassi

Rachel
    $800 12
Mayan

Rachel
    $800 19
Dr. Seuss

Tom
    $800 4
(Jason: What is an announcer?)
(Alex: Need more than that.)
(Jason: Who is [*]?)
[Laughter]

Johnny the Announcer

Jason
    $1200 23
(Tom: Who is Joseph?)

David

Tom
Triple Stumper
    $1200 8
Bonnie Blair

Tom
    $3,000 13
(Rachel: What is, um, Malta?)

Java

Rachel
    $1200 20
Steinway

Triple Stumper
    $1200 5
flannel

Rachel
    $1600 24
(Jason: What is 7?)

12

RachelJason
    $1600 9
(Slammin') Sam Snead

Tom
    $1600 14
coin

Triple Stumper
    $1600 21
Alicia Keys

Tom
    $1600 27
(Rachel: What is granite?)
...
[The end-of-round signal sounds.]

sand

Rachel
Triple Stumper
    $1600 6
runner

Tom
    $2,000 25
(Alex: Say something. [Seeing Rachel attempting to ring in] No, you don't have to ring in. It's a Daily Double.)
(Rachel: Oh, sorry. [*]?)
(Alex: I thought you zoned out completely on us.)
(Rachel: I was thinking, why isn't it working?)

Nazareth

Rachel
    $2000 10
Jack Johnson

Tom
    $2000 15
Carmel

Triple Stumper
    $2000 22
(Henry) Bessemer

Tom
    $2000 26
Horace

Triple Stumper
    $2000 7
Button Gwinnett

Triple Stumper

Scores at the end of the Double Jeopardy! Round:

Tom Rachel Jason
$16,400 $5,800 $2,800
(lock game)

[wagering suggestions for these scores]

Final Jeopardy! Round responses

OPERA
[Laughter as Jason's response was revealed]
(Alex: Oh, you're going back many years for that one, but you got a laugh and a good reaction.)
JasonWho is someone not in my kitchen
$0
RachelWho is Don Juan?
$0
TomWho is Don Giovanni?
$1,000
Don Juan (or Don Giovanni)

Final scores:

Tom Rachel Jason
$17,400 $5,800 $2,800
3-day champion: $45,800 2nd place: $2,000 3rd place: $1,000

Game dynamics:

Coryat scores:

Tom Rachel Jason
$16,400 $8,800 $2,200
19 R,
1 W
17 R
(including 1 DD),
6 W
(including 1 DD)
8 R
(including 1 DD),
1 W

Combined Coryat: $27,400

[game clues] [game scores] [suggest correction]

Game tape date: 2003-03-04
The J! Archive is created by fans, for fans. Scraping, republication, monetization, and malicious use prohibited; this site may use cookies and collect identifying information. See terms. The Jeopardy! game show and all elements thereof, including but not limited to copyright and trademark thereto, are the property of Jeopardy Productions, Inc. and are protected under law. This website is not affiliated with, sponsored by, or operated by Jeopardy Productions, Inc. Join the discussion at JBoard.tv.